000 00498nam a2200181Ia 4500
999 _c14719
_d14719
003 OSt
005 20201016113644.0
008 190216s9999||||xx |||||||||||||| ||und||
020 _a9780435908300
040 _coclc
082 _a823.914
_bTHI/W
100 _aThiongo, Ngugi Wa
_95793
245 0 _aWeep Not Child /
_cNgugi Wa Thiongo
260 _bHeinemann ,
_c1987.
_aLondon:
300 _a138p
650 _aEnglish
942 _cBK
_2ddc
_h823.914
_iTHI/W
_k823.914
_mTHI/W